Science Quiz

Random Science or Biology Quiz

'F' Natural World Quiz Stats

Quiz Updated Aug 24, 2016

Also try: 'D' Natural World
Challenge
Share
Tweet
Embed
Score 0/21 Timer 05:00
0 Plays Today
Hint Answer % Correct
Which bird has a pink color due to its diet of plankton, algae, and shrimp, and is known for standing on one leg?Flamingo
94.7%
Which amphibian has a short squat body, moist smooth skin, and long hind legs for leaping?Frog
91.8%
What name is given to an impression of a prehistoric plant or animal embedded in rock?Fossil
90%
Yeasts, molds and mushrooms belong to which taxonomic kingdom?Fungi
88.3%
Hobby, Kestrel, and Peregrine are all what types of birds of prey?Falcon
87%
What name is given to a large area covered chiefly with trees and undergrowth?Forest
86.9%
What name is given to a horse that is one year old or younger?Foal
83.9%
The adjective vulpine relates to which omnivorous mammal?Fox
82.8%
What name is given to a type of winged beetle that can produce light from its lower abdomen?Firefly
82.4%
Which small, wingless, jumping insect feeds on the blood of mammals and birds?Flea
81.5%
What name is given to a deer of either sex under one year old?Fawn
80.7%
Hint Answer % Correct
Which domesticated form of the polecat is related to the weasel and stoat?Ferret
76%
What general name is given to the plant life occurring in a particular region or time?Flora
71.9%
Which fruit of the genus Ficus is one of the first plants cultivated by humans?Fig
71.3%
What name is given to a young bird that has just grown the feathers needed to fly?Fledgling
58.2%
What is the leaf or leaf-like part of a palm or fern called?Frond
56.1%
Which large, herbivorous bat is sometimes called a 'Flying Fox'?Fruit bat
53.3%
Which aromatic perennial herb with yellow flowers and feathery leaves has culinary and medicinal uses?Fennel
53.1%
Which crabs are known for their sexually dimorphic claws, with males having one claw significantly larger than the other?Fiddler crab
33.6%
Which type of whale is the second largest animal after the blue whale?Fin whale
29.7%
Which seabird has long wings and tail, and in males a red pouch inflated during the breeding season to attract a mate? Frigatebird
19.4%

You're not logged in!

Compare scores with friends on all Sporcle quizzes.
Sign Up with Email
OR
Log In

You Might Also Like...

Show Comments

Extras

Top Quizzes Today


Score Distribution

Your Account Isn't Verified!

In order to create a playlist on Sporcle, you need to verify the email address you used during registration. Go to your Sporcle Settings to finish the process.

Report this User

Report this user for behavior that violates our Community Guidelines.

Details: